Pixar Movies- Tile Select - Statistics

General Stats
  • This quiz has been taken 57 times
  • The average score is 39 of 48
Answer Stats
Question Tile Select % Correct
Pixar films! The Bad Guys No
100%
Pixar films! Toy Story Yes
100%
Pixar films! Abominable No
98%
Pixar films! The Secret Life of Pets No
98%
Pixar films! Despicable Me No
96%
Pixar films! Kung Fu Panda No
93%
films that have sequels Inside Out Yes
91%
films that have sequels Toy Story Yes
91%
films that have sequels Cars Yes
89%
Pixar films! Inside Out Yes
89%
Pixar films! Monsters, Inc Yes
89%
films that have sequels The Incredibles Yes
89%
that were released after 2010 Toy Story 4 Yes
89%
Pixar films! Finding Dory Yes
87%
films that have sequels Finding Nemo Yes
87%
Pixar films! Tangled No
87%
films that have sequels Onward No
84%
Pixar films! Soul Yes
84%
Pixar films! Turbo No
84%
films that have sequels Brave No
82%
that were released after 2010 Finding Nemo No
82%
that were released after 2010 Luca Yes
82%
Pixar films! The Good Dinosaur Yes
82%
that were released after 2010 A Bug's Life No
80%
films that have sequels A Bug's Life No
80%
that were released after 2010 Cars 3 Yes
80%
films that have sequels Elemental No
80%
that were released after 2010 Finding Dory Yes
80%
Pixar films! Moana No
80%
Pixar films! The Incredibles Yes
80%
films that have sequels Turning Red No
80%
Pixar films! Brave Yes
78%
films that have sequels Coco No
78%
films that have sequels Monsters, Inc. Yes
78%
films that have sequels Ratatouille No
78%
that were released after 2010 Turning Red Yes
78%
films that have sequels Up No
78%
that were released after 2010 Elemental Yes
76%
films that have sequels Luca No
76%
that were released after 2010 The Incredibles No
76%
films that have sequels WALL-E No
76%
that were released after 2010 Monsters University Yes
73%
that were released after 2010 Onward Yes
71%
that were released after 2010 Ratatouille No
71%
that were released after 2010 Toy Story 2 No
67%
that were released after 2010 Up No
67%
that were released after 2010 WALL-E No
67%
that were released after 2010 Toy Story 3 No
29%
No matching quizzes found
Score Distribution
Percent of People with Each Score
Percentile by Number Answered
Your Score History
You have not taken this quiz